000 00474nam a2200193Ia 4500
005 20231006121658.0
008 131103s9999 xx 000 0 und d
020 _a340237791
040 _aLoreto College
041 _aEnglish
082 _aF
_bREA
100 _aRead,Piers Paul
245 4 _aThe Train Robbers
_cPiers Paul Read
260 _aLondon
_bHodders & Stoughton
_c1979
300 _a326 p.
650 _aFiction in English
850 _aLCLIB
942 _cBK
999 _c14587
_d65066